Tafsiran peta KBSM

Bibliographic Details
Main Author: Wong Yui Kok
Format: Book
Published: Johor Bharu : Penerbitan Pelangi , 1994
Subjects:

MARC

LEADER 00000cam a2200000 7i4500
001 0000002858
005 20021126.0
020 |a 9838786233 
040 |a INS 
090 0 0 |a GA151.   |b W8783 1994 
100 0 |a Wong Yui Kok 
245 1 0 |a Tafsiran peta KBSM   |c Wong Yui Kok 
260 |a Johor Bharu :   |b Penerbitan Pelangi ,   |c 1994 
300 |a 158 m.s. ;   |c 25.5 cm. 
650 0 0 |a Maps 
650 0 0 |a Topographic maps 
999 |a 0000005760   |b BOOK   |c Open Shelf   |e Default branch